| 000 | nmm a22 c 4500 | ||
|---|---|---|---|
| 999 |
_c420406 _d420406 |
||
| 003 | BLK | ||
| 005 | 20210617173726.0 | ||
| 008 | 180410b bul|||||| ||||||| ||bul|| | ||
| 040 | _aBLK | ||
| 041 |
_aBUL _cBUL |
||
| 072 | 7 |
_2bullib _aС _xСтаропечатен фонд |
|
| 080 |
_aЦърковен национален въпрос. Обособяване на самостоятелна българска църква. Създаване на Българска екзархия _b94(497.2)"1870" _z94(497.2)"1870" |
||
| 139 |
_aМилетий Зографски _bМ 58 |
||
| 245 | 1 | 0 |
_aБългарската правда и гръцката кривда _bПосвящавася на тружениците по въпроса / От С. М. _c* Милетий Зографски. |
| 257 | _aBGR | ||
| 260 |
_bКнигопеч. на А. Минасиан _c1872 |
||
| 300 |
_a88 с. _c24 см |
||
| 380 | _a9 | ||
| 490 |
_9410374 _aПисмените съкровища на Долен Дунав |
||
| 490 |
_9415800 _aБиблиотека при Русенска митрополия |
||
| 500 | _aКнигата е от библиотеката при Русенската митрополия по проект "Писмените съкровища на Долен Дунав" | ||
| 650 | 4 |
_aЦърковно-национална борба - България _9270296 |
|
| 653 | _aцърковно-национални борби | ||
| 659 | _aС | ||
| 700 | 1 |
_aМилетий Зографски _e* _995763 |
|
| 852 | _c94(497.2)"1870"/М 58 | ||
| 856 | 4 | _qpdf | |
| 856 | 4 | _qpdf | |
| 942 |
_cEBKS _n0 _s1 |
||
| 944 |
_aCR _c2021-06-17 _kХристина Везирева |
||
| 999 | _d156998 | ||